ბათუმის შოთა რუსთაველის სახელმწიფო უნივერსიტეტის ბიბლიოთეკა

Искусство Древнего Ирана / (ბიბ.ჩანაწერი № 60770)

000 -LEADER
fixed length control field 00533nam a22001577a 4500
005 - DATE AND TIME OF LATEST TRANSACTION
control field 20231019163714.0
008 - FIXED-LENGTH DATA ELEMENTS--GENERAL INFORMATION
fixed length control field 231019s1977 ru ||||| |||| 00| 0 rus d
041 ## - LANGUAGE CODE
Language code of text/sound track or separate title rus
080 ## - UNIVERSAL DECIMAL CLASSIFICATION NUMBER
Universal Decimal Classification number 7(35) (091) Л-84
100 ## - MAIN ENTRY--PERSONAL NAME
Personal name Луконин, В.Г.
9 (RLIN) 20143
245 ## - TITLE STATEMENT
Title Искусство Древнего Ирана /
Statement of responsibility, etc. В.Г. Луконин.
264 ## - PRODUCTION, PUBLICATION, DISTRIBUTION, MANUFACTURE, AND COPYRIGHT NOTICE
Place of production, publication, distribution, manufacture М.:
Name of producer, publisher, distributor, manufacturer «Искусство».
Date of production, publication, distribution, manufacture, or copyright notice 1977.
300 ## - PHYSICAL DESCRIPTION
Extent 232 стр.:
Other physical details ил.;
Dimensions 25 см.
653 ## - INDEX TERM--UNCONTROLLED
keyword ძველი ირანის ხელოვნება
942 ## - ADDED ENTRY ELEMENTS (KOHA)
Source of classification or shelving scheme
Koha item type წიგნი
ეგზემპლარები
Withdrawn status Lost status Source of classification or shelving scheme Damaged status Not for loan Permanent Location Current Location Shelving location Date acquired Cost, normal purchase price Full call number Barcode Date last seen Copy number Uniform Resource Identifier Price effective from Koha item type Public note
          ბათუმის შოთა რუსთაველის სახელმწიფო უნივერსიტეტის მთავარი ბიბლიოთეკა ბათუმის შოთა რუსთაველის სახელმწიფო უნივერსიტეტის მთავარი ბიბლიოთეკა წიგნსაცავი 2023-10-19 8.00 7(35) (091) Л-84 65350 2023-10-19 65350 ბსუ-ს საპატიო დოქტორის გურამ ლორთქიფანიძის საჩუქარი 2023-10-19 წიგნი 8 ლ.